Countries Whose Names End in "-ia" - Statistics

General Stats
  • This quiz has been taken 73 times
    57 since last reset
  • The average score is 33 of 40
Answers on the Map
Answers color-coded by a green-red scale on the quiz's map according to % correct below.
 
Answer Stats
Answer % Correct
India
100%
Algeria
90%
Australia
90%
Indonesia
90%
Russia
90%
Somalia
90%
Bosnia
87%
Cambodia
87%
Estonia
87%
Albania
87%
Latvia
87%
Romania
87%
Serbia
87%
Slovenia
87%
Tunisia
87%
Colombia
84%
Ethiopia
84%
Zambia
84%
Lithuania
84%
Malaysia
84%
Mauritania
84%
Mongolia
84%
Namibia
84%
Slovakia
84%
Tanzania
84%
Austria
81%
Bolivia
81%
Croatia
81%
Nigeria
81%
Syria
81%
Bulgaria
77%
Gambia
74%
Georgia
74%
Liberia
74%
Saudi Arabia
74%
Armenia
71%
Czechia
68%
North Macedonia
68%
Micronesia
58%
Saint Lucia
55%
No matching quizzes found
Score Distribution
Percent of People with Each Score
Percentile by Number Answered
Your Score History
You have not taken this quiz since the last reset